000 00278nam a22001337a 4500
008 170418b xxu||||| |||| 00| 0 eng d
020 _a9780495126027
041 _aeng
080 _211TH
_a573
100 _a11
101 _aSHM
245 _aBIOLOGY
_cSTARR
942 _2udc
_cBK
999 _c11044
_d11044